000 00437nam a2200181Ia 4500
001 594
005 20260306140529.0
008 260306t2007||||xx |||||||||||||| ||spa||
041 _aESP
082 _a128
_bL59
100 _aDella Role, Catalina L. A.
_eAUT
245 0 _aLa libertad humana y su dimensión social
260 _c2007
300 _a166 páginas :
_c23 cm.
650 _aGEN
654 _aCHU
942 _cLIB
_dJUS
_fJUS
_2ddc
_n
999 _c594
_d594